| 000 | 01006nam1a22002651 4500 | ||
|---|---|---|---|
| 001 | rc\3794573 | ||
| 005 | 20120311163929.9 | ||
| 035 | _a(NLR Aleph) 007243243 | ||
| 090 |
_a7763209 _c7763209 |
||
| 100 | _a20120311d1975 |||y0rusy50 ca | ||
| 101 | 0 | _arus | |
| 102 | _aRU | ||
| 105 | _a z ||||| | ||
| 200 | 1 |
_aОсновы проектирования автоматических средств индикации _e[Учеб. пособие] _e[В 2 вып.] _fПод ред. проф. О.В. Чеботарева _gВоен. акад. хим. защиты им. Маршала Сов. Союза С.К. Тимошенко. Кафедра № 15. Вып. 1- |
|
| 210 |
_aМосква _cБ. и. _d1975 |
||
| 215 | _d30 | ||
| 300 | _aНа обл. авт. не указан | ||
| 333 | _aДСП | ||
| 700 | 1 |
_aБордаков _bС. К. |
|
| 702 | 1 |
_aЧеботарев _bО. В. _4340 |
|
| 801 | 0 |
_aRU _bNLR _gpsbo |
|
| 801 | 1 |
_aRU _bELAR _2rusmarc |
|
| 852 |
_aNLR _j75-50К/3569 |
||
| 942 | _cBOOK | ||
| 980 | _aNB | ||